Statistics for Leicester City Biggest Transfers

Click here to take the quiz!

General Stats

  • This quiz has been taken 28 times
  • The average score is 66 of 148

Answer Stats

% Correct
OutgoingsEnglandCBHarry Maguire19/20Manchester United
100%
IncomingsEnglandCBHarry Maguire17/18Hull City
100%
OutgoingsFranceDMN'Golo Kante16/17Chelsea
100%
IncomingsFranceDMN'Golo Kante15/16Caen
100%
IncomingsEnglandAMJames Maddison18/19Norwich City
95%
OutgoingsEnglandAMJames Maddison23/24Tottenham Hotspur
95%
IncomingsBelgiumCMYouri Tielemans19/20Monaco
95%
OutgoingsAlgeriaRWRiyad Mahrez18/19Manchester City
91%
IncomingsSpainLWAyoze Perez19/20Newcastle United
86%
OutgoingsEnglandLBBen Chilwell20/21Chelsea
86%
OutgoingsEnglandCMDanny Drinkwater17/18Chelsea
86%
OutgoingsBelgiumRBTimothy Castagne23/24Fulham
86%
IncomingsBelgiumRBTimothy Castagne20/21Atalanta
86%
OutgoingsFranceCBWesley Fofana22/23Chelsea
86%
IncomingsFranceCBWesley Fofana20/21Saint-Etienne
86%
IncomingsTurkeyCBCaglar Soyuncu18/19Freiburg
82%
OutgoingsBelgiumCMDennis Praet21/22Torino
82%
IncomingsBelgiumCMDennis Praet19/20Sampdoria
82%
OutgoingsEnglandLWHarvey Barnes23/24Newcastle United
82%
IncomingsEnglandSTJamie Vardy12/13Fleetwood Town
82%
OutgoingsDenmarkGKKasper Schmeichel22/23Nice
82%
IncomingsDenmarkGKKasper Schmeichel11/12Leeds United
82%
IncomingsNigeriaSTKelechi Iheanacho17/18Manchester City
82%
IncomingsZambiaSTPatson Daka21/22RB Salzburg
82%
IncomingsNigeriaDMWilfred Ndidi16/17Genk
82%
IncomingsBelgiumCBWout Faes22/23Reims
82%
IncomingsEnglandDMHarry Winks23/24Tottenham Hotspur
77%
IncomingsDenmarkCBJannik Vestergaard21/22Southampton
77%
IncomingsJapanSTShinji Okazaki15/16Mainz
77%
IncomingsNigeriaLWAhmed Musa16/17CSKA Moscow
73%
OutgoingsNigeriaLWAhmed Musa18/19Al-Nassr
73%
IncomingsAlgeriaSTIslam Slimani16/17Sporting CP
73%
OutgoingsAlgeriaSTIslam Slimani17/18Newcastle United
73%
OutgoingsAlgeriaSTIslam Slimani18/19Fenerbahce
73%
IncomingsNorthern IrelandCBJonny Evans18/19West Bromwich Albion
73%
IncomingsPortugalRBRicardo Pereira18/19Porto
73%
IncomingsGermanyCBRobert Huth15/16Stoke City
73%
IncomingsJamaicaCBWes Morgan11/12Nottingham Forest
73%
IncomingsFranceDMBoubakary Soumare21/22Lille
68%
OutgoingsNew ZealandSTChris Wood15/16Leeds United
68%
IncomingsNew ZealandSTChris Wood12/13West Bromwich Albion
68%
IncomingsEnglandCBConor Coady23/24Wolverhampton Wanderers
68%
IncomingsWalesGKDanny Ward18/19Liverpool
68%
IncomingsEnglandRBJames Justin19/20Luton Town
68%
IncomingsPortugalCMAdrien Silva17/18Sporting CP
64%
OutgoingsCroatiaSTAndrej Kramaric16/17Hoffenheim
64%
IncomingsCroatiaSTAndrej Kramaric14/15HNK Rijeka
64%
OutgoingsJamaicaLWDemarai Gray20/21Bayer Leverkusen
64%
IncomingsJamaicaLWDemarai Gray15/16Birmingham City
64%
IncomingsSwitzerlandDMGokhan Inler15/16Napoli
64%
IncomingsEnglandRBDanny Simpson14/15Queens Park Rangers
59%
IncomingsAustraliaCBHarry Souttar22/23Stoke City
59%
IncomingsArgentinaSTLeonardo Ulloa14/15Brighton & Hove Albion
59%
IncomingsEnglandCMMatty James12/13Manchester United
59%
IncomingsAlgeriaRWRachid Ghezzal18/19Monaco
59%
OutgoingsAlgeriaRWRachid Ghezzal21/22Besiktas
59%
IncomingsBelgiumRBRitchie De Laet12/13Manchester United
59%
OutgoingsBelgiumRBRitchie De Laet16/17Aston Villa
59%
IncomingsTurkeyRWCengiz Under20/21Roma
55%
IncomingsGhanaCBDaniel Amartey15/16Kobenhavn
55%
OutgoingsEnglandSTEmile Heskey99/00Liverpool
55%
IncomingsSenegalDMNampalys Mendy16/17Nice
55%
OutgoingsGermanyGKRon-Robert Zieler17/18Stuttgart
55%
IncomingsGermanyGKRon-Robert Zieler16/17Hannover
55%
OutgoingsGhanaLMJeffrey Schlupp16/17Crystal Palace
50%
IncomingsBrazilRWTete22/23Lyon
50%
IncomingsSwitzerlandGKEldin Jakupovic17/18Hull City
45%
IncomingsEnglandLWStephy Mavididi23/24Montpellier
45%
IncomingsIrelandSTThomas Cannon23/24Everton
45%
IncomingsSpainDMVicente Iborra17/18Sevilla
45%
OutgoingsSpainDMVicente Iborra18/19Villarreal
45%
OutgoingsEnglandSTGeorge Hirst23/24Ipswich Town
41%
IncomingsDenmarkGKMads Hermansen23/24Brondby
41%
IncomingsDenmarkLBVictor Kristiansen22/23Kobenhavn
41%
OutgoingsDenmarkLBVictor Kristiansen23/24Bologna
41%
IncomingsAustriaCBAleksandar Dragovic17/18Bayer Leverkusen
36%
OutgoingsJamaicaCBLiam Moore16/17Reading
36%
IncomingsPolandCMBartosz Kapustka16/17Cracovia
32%
OutgoingsEnglandSTDavid Nugent15/16Middlesbrough
32%
IncomingsUnited StatesGKKasey Keller96/97Millwall
32%
IncomingsTurkeyAMMuzzy Izzet96/97Chelsea
32%
IncomingsEnglandLBPaul Konchesky11/12Liverpool
32%
OutgoingsWalesLWTom Lawrence17/18Derby County
32%
IncomingsWalesLWTom Lawrence14/15Manchester United
32%
IncomingsNigeriaSTYakubu Aiyegbeni10/11Everton
32%
IncomingsTunisiaCBYohan Benalouane15/16Atalanta
32%
OutgoingsAustraliaLBCallum Elder19/20Hull City
27%
OutgoingsEnglandSTDJ Campbell10/11Blackpool
27%
IncomingsEnglandSTDJ Campbell07/08Birmingham City
27%
OutgoingsMaliRWFousseni Diabate20/21Trabzonspor
27%
IncomingsMaliRWFousseni Diabate17/18Gazelec Ajaccio
27%
OutgoingsSpainCBLuis Hernandez16/17Malaga
27%
IncomingsNorthern IrelandCMNeil Lennon95/96Crewe Alexandra
27%
OutgoingsNorthern IrelandCMNeil Lennon00/01Celtic
27%
IncomingsScotlandSTPaul Dickov01/02Manchester City
27%
IncomingsEnglandGKTim Flowers99/00Blackburn Rovers
27%
OutgoingsEnglandRMBen Marshall13/14Blackburn Rovers
23%
IncomingsEnglandRMBen Marshall11/12Stoke City
23%
IncomingsEnglandCMDennis Wise01/02Chelsea
23%
IncomingsCroatiaCBFilip Benkovic18/19Dinamo Zagreb
23%
IncomingsEnglandSTIan Marshall96/97Ipswich Town
23%
IncomingsEnglandGKIan Walker01/02Tottenham Hotspur
23%
OutgoingsEnglandCMLee Marshall02/03West Bromwich Albion
23%
IncomingsEnglandSTSteve Claridge95/96Birmingham City
23%
IncomingsScotlandSTSteve Howard07/08Derby County
23%
OutgoingsWalesLBBen Thatcher04/05Manchester City
18%
IncomingsJamaicaCBFrank Sinclair98/99Chelsea
18%
IncomingsJamaicaSTJermaine Beckford11/12Everton
18%
IncomingsScotlandCBMatt Elliott96/97Oxford United
18%
IncomingsWalesCMMatthew Jones01/02Leeds United
18%
IncomingsEnglandCBMatt Mills11/12Reading
18%
OutgoingsEnglandCBMatt Mills12/13Bolton Wanderers
18%
OutgoingsEnglandSTMatty Fryatt10/11Hull City
18%
OutgoingsWalesCMRobbie Savage02/03Birmingham City
18%
IncomingsIrelandCBSean St. Ledger11/12Preston North End
18%
IncomingsGreeceCMTheodoros Zagorakis97/98PAOK
18%
IncomingsBulgariaCBAleksandar Tunchev08/09CSKA Sofia
14%
IncomingsIcelandRWArnar Gunnlaugsson98/99Bolton Wanderers
14%
IncomingsEnglandSSGraham Fenton97/98Blackburn Rovers
14%
OutgoingsCanadaSTIain Hume08/09Barnsley
14%
IncomingsEnglandSTMark Robins94/95Norwich City
14%
IncomingsEnglandSTMartyn Waghorn10/11Sunderland
14%
IncomingsEnglandLWSteve Guppy96/97Port Vale
14%
IncomingsAustraliaGKZeljko Kalac95/96Sydney United
14%
IncomingsEnglandDMAndy Impey98/99West Ham United
9%
IncomingsScotlandLBCallum Davidson00/01Blackburn Rovers
9%
IncomingsEnglandLMDarren Eadie99/00Norwich City
9%
OutgoingsIrelandSTDavid Connolly05/06Wigan Athletic
9%
OutgoingsEnglandSTDean Sturridge01/02Wolverhampton Wanderers
9%
OutgoingsScotlandCMGareth Williams06/07Watford
9%
IncomingsEnglandRBGary Rowett00/01Birmingham City
9%
OutgoingsEnglandRBGary Rowett02/03Charlton Athletic
9%
OutgoingsWalesSTIwan Roberts96/97Wolverhampton Wanderers
9%
IncomingsEnglandSTJames Scowcroft01/02Ipswich Town
9%
OutgoingsEnglandSTJulian Joachim96/97Aston Villa
9%
IncomingsEnglandCMMark Draper94/95Notts County
9%
OutgoingsEnglandCMMark Draper95/96Aston Villa
9%
OutgoingsEnglandRMMatt Piper02/03Sunderland
9%
OutgoingsEnglandCBRichard Stearman08/09Wolverhampton Wanderers
9%
IncomingsEnglandCMRichie Wellens09/10Doncaster Rovers
9%
OutgoingsEnglandCBSpencer Prior98/99Derby County
9%
IncomingsJamaicaSTTrevor Benjamin00/01Cambridge United
9%
OutgoingsNorthern IrelandCBGareth McAuley08/09Ipswich Town
5%
OutgoingsEnglandLBJoe Mattock09/10West Bromwich Albion
5%
OutgoingsEnglandSTMike Newell89/90Everton
5%
OutgoingsEnglandSTPaul Kitson91/92Derby County
5%
IncomingsEnglandSTRichard Cresswell00/01Sheffield Wednesday
5%
IncomingsEnglandRMStephen Clemence07/08Birmingham City
5%

Score Distribution

Percentile by Number Answered

Percent of People with Each Score

Your Score History

You have not taken this quiz